Child Development / (Record no. 1082)

000 -LEADER
fixed length control field 00532nam a22001937a 4500
003 - CONTROL NUMBER IDENTIFIER
control field OSt
005 - DATE AND TIME OF LATEST TRANSACTION
control field 20140116120845.0
008 - FIXED-LENGTH DATA ELEMENTS--GENERAL INFORMATION
fixed length control field 130103b xxu||||| |||| 00| 0 eng d
050 ## - LIBRARY OF CONGRESS CALL NUMBER
Classification number HQ 767.9 .K33 2007
100 ## - MAIN ENTRY--PERSONAL NAME
Personal name Kabiru, Margaret
245 ## - TITLE STATEMENT
Title Child Development /
Statement of responsibility, etc Margaret Kabiru .
260 ## - PUBLICATION, DISTRIBUTION, ETC. (IMPRINT)
Place of publication, distribution, etc Nairobi:
Name of publisher, distributor, etc Focus,
Date of publication, distribution, etc 2007.
300 ## - PHYSICAL DESCRIPTION
Extent ix, 390 p.;
Other physical details ill
504 ## - BIBLIOGRAPHY, ETC. NOTE
Bibliography, etc Includes bibliographical references and index
650 ## - SUBJECT ADDED ENTRY--TOPICAL TERM
Source of heading or term Child Development
650 ## - SUBJECT ADDED ENTRY--TOPICAL TERM
Topical term or geographic name as entry element Child Growth
700 ## - ADDED ENTRY--PERSONAL NAME
Personal name Njenga, Anne W.
942 ## - ADDED ENTRY ELEMENTS (KOHA)
Source of classification or shelving scheme
Koha item type Book
Holdings
Withdrawn status Lost status Source of classification or shelving scheme Damaged status Not for loan Home library Current library Shelving location Date acquired Total Checkouts Full call number Barcode Date last seen Date checked out Copy number Price effective from Koha item type Total Renewals Checked out
          Riara University Library Riara University Library Short Loan 03/01/2013 6 LB 1115 .K3 2007 3728/12 07/12/2017 23/11/2017 C.1 03/01/2013 Book on Shortloan    
          Riara University Library Riara University Library Short Loan 03/01/2013 4 LB 1115 .K3 2007 3729/12 15/02/2024 13/02/2024 C.2 03/01/2013 Book on Shortloan 1  
          Riara University Library Riara University Library   03/01/2013 7 LB 1115 .K3 2007 3730/12 15/02/2018 25/01/2018 C.3 03/01/2013 Book 1  
          Riara University Library Riara University Library   01/03/2013 10 LB 1115 .K3 2007 3970/13 25/02/2019 18/02/2019 C.4 01/03/2013 Book 1  
          Riara University Library Riara University Library   30/05/2013 15 LB 1115 .K3 2007 4120/13 31/10/2019 07/02/2019 C.5 30/05/2013 Book 5  
          Riara University Library Riara University Library   30/05/2013 3 LB 1115 .K3 2007 4119/13 25/04/2015 25/04/2015 C.6 30/05/2013 Book 2 28/05/2015
          Riara University Library Riara University Library   30/05/2013 5 LB 1115 .K3 2007 4118/13 04/03/2019 14/02/2019 C.7 30/05/2013 Book 1  
          Riara University Library Riara University Library   30/05/2013 4 LB 1115 .K3 2007 4117/13 07/04/2016 01/04/2016 C.8 30/05/2013 Book    
          Riara University Library Riara University Library   30/05/2013 3 LB 1115 .K3 2007 4116/13 18/02/2019 09/02/2019 C.9 30/05/2013 Book 1  

Riara University Library,
P.O. Box 49940-00100,
Nairobi, Kenya.